00421pab a2200157 454500008004000000100002000040245006100060260000900121300001500130362000800145650002800153650002500181650001400206700001700220773002600237180718b2011 xxu||||| |||| 00| 0 eng d aAfzal, Muhammad aInflation-unemployment trade off: Evidence from Pakistan c2011 ap.205-216. aAug aUnemployment - Pakistan aInflation - Pakistan aInflation aAwais, Samia aAsian Economic Review